| 000 | 00609nam a22002057a 4500 | ||
|---|---|---|---|
| 005 | 20260523132901.0 | ||
| 008 | 260523b |||||||| |||| 00| 0 eng d | ||
| 020 |
_a9788195589869 _c1495.00 |
||
| 040 | _aMAIN | ||
| 041 | _aEnglish | ||
| 082 |
_a584.095486 _bRAW |
||
| 100 |
_aRawat, Gopal Singh _926900 |
||
| 245 |
_aOrchids Of Uttarakhand _b: A Field Guide |
||
| 260 |
_aDehradun _bBishan Singh Mahindra Pal Singh _c2023 |
||
| 300 | _a342 | ||
| 650 |
_aUttarakhand Collection : Himalaya Collection _913 |
||
| 700 |
_aJalal, Jeewan Singh _99840 |
||
| 700 |
_aSingh, Gajendra (ed) _926901 |
||
| 942 | _cBK | ||
| 999 |
_c60873 _d60873 |
||